Statistics for Chemical Elements with Short Names

Click here to take the quiz!

General Stats

  • This quiz has been taken 32,263 times
  • The average score is 7 of 10

Answer Stats

# Element % Correct
4Gold
88%
4Iron
80%
3Tin
79%
4Neon
79%
4Lead
68%
5Boron
68%
5Argon
67%
4Zinc
63%
5Xenon
63%
5Radon
52%

Score Distribution

Percentile by Number Answered

Percent of People with Each Score

Your Score History

You have not taken this quiz